Detalles MARC
| 000 -LÍDER |
| Campo fijo de descripción fija |
01416nam a22003494i 4500 |
| 001 - NÚMERO DE CONTROL |
| Campo de control |
768714001 |
| 003 - IDENTIFICADOR DEL NÚMERO DE CONTROL |
| Campo de control |
CO-MdFUSB |
| 005 - FECHA Y HORA DE LA ULTIMA TRANSACCIÓN |
| control field |
20180914122047.0 |
| 008 - ELEMENTOS DE LONGITUD FIJA -- INFORMACIÓN GENERAL |
| Campo fijo de descripción fija -- Información general |
180907t1975 xxu||||| |||| 00| 0 eng d |
| 020 ## - NÚMERO INTERNACIONAL NORMALIZADO PARA LIBROS |
| Número Internacional Normalizado del libro |
0802410286 |
| 040 ## - FUENTE DE CATALOGACIÓN |
| Agencia de catalogación original |
CO-MdFUSB |
| Idioma de catalogación |
spa |
| Agencia que realiza la transcripción |
CO-MdFUSB |
| Agencia que realiza la modificación |
CO-MdFUSBC |
| Convenciones de la descripción |
rda |
| 041 ## - CÓDIGO DE IDIOMA |
| Código de idioma para texto/pista de sonido o título separado |
eng |
| 082 ## - NÚMERO DE CLASIFICACIÓN DECIMAL DEWEY |
| Número de la edición del Dewey |
23 |
| Número de clasificación |
224.9 |
| Clave de autor-Numero de item |
J24 |
| 100 ## - ASIENTO PRINCIPAL--NOMBRE PERSONAL |
| Nombre personal |
Jensen, Irving L. |
| Término relacionador |
autor |
| 245 ## - TÍTULO |
| Título del Material |
Minor Prophets of Israel |
| Mención de responsabilidad, etc. |
/ Irving L. Jensen |
| 264 #1 - PRODUCCIÓN, PUBLICACIÓN, DISTRIBUCIÓN, MANUFACTURA, Y COPYRIGHT |
| Lugar de producción, publicación, distribución, manufactura |
Chicago, USA : |
| Nombre del productor, publicador, distribuidor |
Moody Press, |
| Fecha de producción, publicación, distribución, manufactura, o copyright |
℗[1975] |
| 264 #4 - PRODUCCIÓN, PUBLICACIÓN, DISTRIBUCIÓN, MANUFACTURA, Y COPYRIGHT |
| Fecha de producción, publicación, distribución, manufactura, o copyright |
©1975 |
| 300 ## - DESCRIPCIÓN FÍSICA |
| Extensión |
109 páginas : |
| Otros detalles físicos |
Ilustraciones ; |
| Dimensiones |
22 cm |
| 336 ## - TIPO DE CONTENIDO |
| Fuente |
rdacontent |
| Término de tipo de contenido |
texto |
| Código de tipo de contenido |
txt |
| 337 ## - TIPO DE MEDIO |
| Fuente |
rdamedia |
| Nombre del tipo de medio |
sin mediación |
| Código del tipo de medio |
n |
| 338 ## - TIPO DE SOPORTE |
| Fuente |
rdacarrier |
| Nombre del tipo de soporte |
volumen |
| Código Tipo de soporte |
nc |
| 505 ## - NOTA DE CONTENIDO |
| Título |
Introducción: |
| Nota de contenido con formato preestablecido |
1. Los doce profetas menores. |
| 505 ## - NOTA DE CONTENIDO |
| Título |
Jonas: |
| Nota de contenido con formato preestablecido |
2. Trasfondo y estudio de Jonas -- 3. Jonas huye de Dios -- 4. Jonas predica a Nínive |
| 505 ## - NOTA DE CONTENIDO |
| Título |
Amós: |
| Nota de contenido con formato preestablecido |
5. Trasfondo y estudio de Amós -- 6. Las transgresiones de las naciones -- 7. Juicios contra Israel -- 8. La restauración final |
| 505 ## - NOTA DE CONTENIDO |
| Título |
Oseas: |
| Nota de contenido con formato preestablecido |
9. Trasfondo y estudio de Oseas -- 10. Oseas y su esposa infiel -- 11. Oseas y la esposa reunidos -- 12. El pecado trae juicio -- 13. Esperanza para los reincidentes -- Fuentes seleccionadas para más estudio |
| 563 ## - NOTA DE ENCUADERNACIÓN |
| Nota de encuadernación |
Tapa rústica |
| 630 07 - TITULO UNIFORME |
| Título uniforme |
Biblia. |
| Nombre de parte o sección de la obra |
Jonas |
| 630 07 - TITULO UNIFORME |
| Título uniforme |
Biblia. |
| Nombre de parte o sección de la obra |
Amós |
| 630 07 - TITULO UNIFORME |
| Título uniforme |
Biblia. |
| Nombre de parte o sección de la obra |
Oseas |
| 942 ## - TIPO DE MATERIAL (KOHA) |
| Tipo de Item KOHA |
Libros General |